000 00422nam a2200181Ia 4500
001 13377
005 20260306164757.0
008 260306t2010||||xx |||||||||||||| ||spa||
041 _aESP
082 _a003.3
_bB22
100 _aBanks, Jerry
_eAUT
245 0 _aDiscrete-event system simulation
260 _c2010
300 _a622 páginas :
_c23 cm.
650 _aGEN
654 _aCCC
942 _cLIB
_dJUS
_fJUS
_2ddc
_n
999 _c13377
_d13377